000 00446nam a2200169 i 4500
001 bg
100 1 _aAZOV, A. K.
245 0 _aUsiliteli sledjaščich sistem peremennogo toka /
_cA.K. Azow, W.A. Weselow, W.W. Scerbakow.
260 _aLeningrad,
_c1972.
700 1 _aVESELOV, V. A.
700 1 _aSCERBAKOV, V. N.
040 _cBPK
041 _apol
080 _a681.3:621.375
942 _cKS
008 s pl f |000 0 pol
999 _c15041
_d15041
856 _uhttp://koha.tu.koszalin.pl/cgi-bin/koha/opac-detail.pl?biblionumber=15041
_yKatalog online BPK